Physique des mouvements dans les atmospheres stellaires (in French) (Record no. 6493)
[ view plain ]
| 000 -LEADER | |
|---|---|
| fixed length control field | 00744nam a2200205Ia 4500 |
| 003 - CONTROL NUMBER IDENTIFIER | |
| control field | IN-BaIIA |
| 008 - FIXED-LENGTH DATA ELEMENTS--GENERAL INFORMATION | |
| fixed length control field | 211028s9999 xx 000 0 eng d |
| 020 ## - INTERNATIONAL STANDARD BOOK NUMBER | |
| International Standard Book Number | 2-222-01923-0 |
| 040 ## - CATALOGING SOURCE | |
| Transcribing agency | IIA Library |
| 080 ## - UNIVERSAL DECIMAL CLASSIFICATION NUMBER | |
| Universal Decimal Classification number | 524.3-852(082.2) |
| Item number | PHY |
| 245 #0 - TITLE STATEMENT | |
| Title | Physique des mouvements dans les atmospheres stellaires (in French) |
| Statement of responsibility, etc. | edited by R. Cayrel and M. Steinberg |
| 260 ## - PUBLICATION, DISTRIBUTION, ETC. | |
| Place of publication, distribution, etc. | Paris |
| Name of publisher, distributor, etc. | Editions Du Centre National De La Recherche Scientifique |
| Date of publication, distribution, etc. | 1976 |
| 300 ## - PHYSICAL DESCRIPTION | |
| Extent | [various pagings.] |
| 650 ## - SUBJECT ADDED ENTRY--TOPICAL TERM | |
| Topical term or geographic name entry element | Astronomy and astrophysics thesaurus |
| 650 ## - SUBJECT ADDED ENTRY--TOPICAL TERM | |
| Topical term or geographic name entry element | Stellar atmospheres |
| 9 (RLIN) | 1135 |
| 650 ## - SUBJECT ADDED ENTRY--TOPICAL TERM | |
| Topical term or geographic name entry element | Stellar structure |
| 700 ## - ADDED ENTRY--PERSONAL NAME | |
| Personal name | Cayrel, R., ed. |
| 9 (RLIN) | 11138 |
| 700 ## - ADDED ENTRY--PERSONAL NAME | |
| Personal name | Steinberg, M., ed. |
| 9 (RLIN) | 11139 |
| 942 ## - ADDED ENTRY ELEMENTS (KOHA) | |
| Koha item type | Books |
| Withdrawn status | Lost status | Damaged status | Not for loan | Home library | Current library | Shelving location | Date acquired | Total Checkouts | Full call number | Barcode | Date last seen | Price effective from | Koha item type | Purchase Price |
|---|---|---|---|---|---|---|---|---|---|---|---|---|---|---|
| IIA Library-Bangalore | IIA Library-Bangalore | General Stacks | 29/05/1980 | 524.3-852(082.2)/ PHY | 7225 | 05/11/2021 | 29/05/1980 | Books | DFL 55.00 |